000 00756 a2200217 4500
005 20251202165034.0
008 251202b |||||||| |||| 00| 0 eng d
020 _a9789369614356 (hbk)
037 _cTB
040 _aCRL
_cCRL
041 _2pun
_apun
084 _aO153,8x R5
_qCRL
245 _aਤੂੰ ਕਾਹਦਾ ਪਟਵਾਰੀ / Toon Kahda Patwari
260 _aDelhi, India:
_bਸ਼ਿਲਾਲੇਖ /Shilalekh Publishers;
_c2025.
300 _a152p.
365 _b400.00
_cINR
650 _2Punjabi literature
650 _2Satire
942 _cTB
_2CC
_n0
_hO153,8x R5
999 _c1464600
_d1464600